Supercritical fluid extraction: principles and practice (Record no. 59099)
[ view plain ]
| 000 -LEADER | |
|---|---|
| fixed length control field | 00788nam a2200205 a 4500 |
| 008 - FIXED-LENGTH DATA ELEMENTS--GENERAL INFORMATION | |
| fixed length control field | 120416s1994 ||||||||||||||||| || u |
| 020 ## - INTERNATIONAL STANDARD BOOK NUMBER | |
| International Standard Book Number | 0750692448 |
| 050 ## - LIBRARY OF CONGRESS CALL NUMBER | |
| Classification number | TP 156.E8 Mac |
| 100 ## - MAIN ENTRY--PERSONAL NAME | |
| Personal name | McHugh, Mark A |
| 245 10 - TITLE STATEMENT | |
| Title | Supercritical fluid extraction: principles and practice |
| 250 ## - EDITION STATEMENT | |
| Edition statement | 2nd ed. |
| 260 ## - PUBLICATION, DISTRIBUTION, ETC. | |
| Place of publication, distribution, etc. | Boston: |
| Name of publisher, distributor, etc. | Butterworth-Heinemann |
| Date of publication, distribution, etc. | 1994 |
| 300 ## - PHYSICAL DESCRIPTION | |
| Extent | vii, 512 p.: ill. |
| 350 ## - PRICE (NR) (BK AM CF MU VM SE) [OBSOLETE] | |
| Price | 0.00 |
| 490 ## - SERIES STATEMENT | |
| Series statement | Butterworth-Heinemann series in chemical engineering |
| 500 ## - GENERAL NOTE | |
| General note | Includes bibliographical references (p. 373-394) and index. |
| 650 ## - SUBJECT ADDED ENTRY--TOPICAL TERM | |
| Topical term or geographic name entry element | SUPERCRITICAL FLUID EXTRACTION |
| 700 ## - ADDED ENTRY--PERSONAL NAME | |
| Personal name | Krukonis, Val J |
| 995 ## - RECOMMENDATION 995 [LOCAL, UNIMARC FRANCE] | |
| -- | 0.00 |
| -- | CBU-MAIN LIBRARY (Kitwe) |
| -- | 1 |
| -- | 0.00 |
| -- | 1 |
| -- | AVAILABLE |
| -- | Annex Low-Usage Collection |
| Withdrawn status | Lost status | Source of classification or shelving scheme | Damaged status | Not for loan | Home library | Current library | Date acquired | Full call number | Barcode | Date last seen | Copy number | Price effective from | Koha item type |
|---|---|---|---|---|---|---|---|---|---|---|---|---|---|
| CBU-MPIKA LIBRARY, MPIKA CAMPUS. | CBU-MPIKA LIBRARY, MPIKA CAMPUS. | 11/30/2022 | TP 156.E8 Mac | 027460 | 11/30/2022 | 1 | 11/30/2022 | MONOGRAPH |